| 000 | 00972nam a2200325 a 4500 | ||
|---|---|---|---|
| 003 | AR-BaBNM | ||
| 005 | 20251128210047.0 | ||
| 008 | 082120s2002 ||||||||||||||000 | spa|| | ||
| 020 | _a968-18-4874-8 | ||
| 040 | _cAR-BaBNM | ||
| 100 | 1 | _aNelson, Anabelle | |
| 245 | 0 | 0 | _aTécnicas de diseño curricular |
| 250 | _a1ª ed. | ||
| 260 |
_aMéxico, D.F. _bLimusa _bNoriega _c1994 |
||
| 300 | _a127 p. | ||
| 500 | _aContiene glosario p. 113-115 | ||
| 500 | _aContiene índice alfabético p. 123-127 | ||
| 504 | _aContiene bibliografía sobre diseño curricular p. 117 | ||
| 504 | _aContiene bibliografía general p. 119-121 | ||
| 650 | 4 | _aELABORACION DEL PLAN DE ESTUDIOS | |
| 650 | 4 | _aTECNICAS DIDACTICAS | |
| 650 | 4 | _aTEORIAS PSICOLOGICAS | |
| 650 | 4 | _aTEORIAS DE LA EDUCACION | |
| 650 | 4 | _aOBJETIVOS EDUCACIONALES | |
| 650 | 4 | _aLIBROS DE TEXTO | |
| 653 | _aDISEÑO CURRICULAR | ||
| 653 | _aCAPACITACION DOCENTE | ||
| 942 | _cBK | ||
| 998 | _cRaquel | ||
| 999 |
_c13849 _d13849 |
||